[Event "GER Cup Net V2 U2000"]
[Site "Playchess.com INT"]
[Date "2020.05.22"]
[Round "8"]
[White "Jansen, Dirk"]
[Black "Haase, Christian"]
[Result "1-0"]
[WhiteElo "1613"]
[BlackElo "1732"]
[PlyCount "85"]
[EventDate "2020.05.22"]
[EventType "swiss (blitz)"]
[EventRounds "9"]
[EventCountry "GER"]
[SourceTitle "EXT 2021"]
[Source "ChessBase"]
[SourceDate "2020.10.23"]
[SourceVersion "1"]
[SourceVersionDate "2020.10.23"]
[SourceQuality "1"]

1. c4 Nf6 2. g3 g6 3. Bg2 Bg7 4. Nc3 0-0 5. d4 d6 6. Nf3 Nbd7 7. 0-0 c6 8. e4 e5 9. h3 Re8 10. Be3 exd4 11. Nxd4 Nf8 12. Qc2 Qc7 13. Rad1 Ne6 14. Rfe1 a5 15. f4 Nc5 16. Bf2 Nh5 17. b3 f5 18. exf5 gxf5 19. Nf3 Bd7 20. Ng5 Nf6 21. Qd2 h6 22. Bxc5 dxc5 23. Nf3 Be6 24. Qd6 Qxd6 25. Rxd6 Bf7 26. Ne5 Ne4 27. Nxe4 fxe4 28. Rxe4 Bf8 29. Rd1 b5 30. Nxf7 Kxf7 31. Rxe8 Rxe8 32. Bxc6 Re2 33. Bd5+ Kf6 34. cxb5 Rxa2 35. Re1 Bg7 36. b6 Rb2 37. b7 a4 38. b8Q a3 39. Qc7 Kg6 40. Re6+ Kh7 41. Re7 a2 42. Rxg7+ Kh8 43. Rh7# 1-0

[Event "GER rap12 FSM/V03 email"]
[Site "GER email"]
[Date "2015.12.26"]
[Round "?"]
[White "Jansen, Dirk"]
[Black "Ensenbach, Marc"]
[Result "0-1"]
[WhiteElo "1805"]
[BlackElo "2100"]
[PlyCount "114"]
[EventDate "2015.12.28"]
[EventType "tourn (corr)"]
[EventRounds "4"]
[EventCountry "GER"]
[SourceTitle "Corr 2020"]
[Source "ChessBase"]
[SourceDate "2019.09.30"]
[SourceVersion "1"]
[SourceVersionDate "2019.09.30"]
[SourceQuality "1"]

1. Nf3 d5 2. c4 d4 3. b4 Nf6 4. e3 c5 5. exd4 cxd4 6. Bb2 e5 7. Nxe5 Bxb4 8. Qa4+ Nfd7 9. Bxd4 0-0 10. Qxb4 Nxe5 11. Qc3 Nbc6 12. Bxe5 Nxe5 13. Be2 Nc6 14. 0-0 Nd4 15. Bd3 Bf5 16. Re1 Nf3+ 17. gxf3 Qxd3 18. Re3 Qd6 19. Na3 Rad8 20. Rd1 Qf4 21. Qe5 Qxe5 22. Rxe5 Bd3 23. Rde1 a6 24. Kg2 h6 25. R1e3 Bg6 26. Re7 Rxd2 27. Rxb7 Rc8 28. Rb6 Rc5 29. h4 Rh5 30. Rc3 Rxh4 31. c5 Rh5 32. Kg3 Rdd5 33. c6 Rdg5+ 34. Kf4 Rf5+ 35. Kg3 Rhg5+ 36. Kh2 Rf4 37. Rc4 Rxf3 38. c7 Bf5 39. c8Q+ Kh7 40. Qxf5+ Rgxf5 41. Nc2 Rxf2+ 42. Kg1 Rf1+ 43. Kg2 h5 44. Rbc6 g5 45. Rc3 a5 46. Kh3 R5f2 47. Ne3 Rf3+ 48. Kg2 R1f2+ 49. Kg1 Rxa2 50. Nd5 Rxc3 51. Rxc3 Kg7 52. Rc6 h4 53. Ne3 Re2 54. Nf5+ Kh7 55. Rf6 Kg8 56. Rc6 Re5 57. Nd4 Rd5 0-1

[Event "GER rap10 FSM/V01 email"]
[Site "GER email"]
[Date "2014.09.01"]
[Round "?"]
[White "Herbold, Manfred"]
[Black "Jansen, Dirk"]
[Result "1/2-1/2"]
[WhiteElo "2141"]
[BlackElo "1762"]
[PlyCount "29"]
[EventDate "2014.09.10"]
[EventType "tourn (corr)"]
[EventRounds "4"]
[EventCountry "GER"]
[SourceTitle "Corr 2020"]
[Source "ChessBase"]
[SourceDate "2019.09.30"]
[SourceVersion "1"]
[SourceVersionDate "2019.09.30"]
[SourceQuality "1"]

1. e4 e6 2. d4 d5 3. Nc3 Nf6 4. Bg5 Bb4 5. e5 h6 6. Bc1 Ne4 7. Qg4 g6 8. Nge2 Nxc3 9. bxc3 Be7 10. Nf4 c5 11. Bb5+ Nc6 12. a4 Qa5 13. Bd2 c4 14. 0-0 Bd7 15. Rfb1 1/2-1/2

[Event "GER rap10 FSM/V01 email"]
[Site "GER email"]
[Date "2014.09.01"]
[Round "?"]
[White "Jansen, Dirk"]
[Black "Pibernik, Dario"]
[Result "1-0"]
[WhiteElo "1762"]
[BlackElo "1425"]
[PlyCount "61"]
[EventDate "2014.09.10"]
[EventType "tourn (corr)"]
[EventRounds "4"]
[EventCountry "GER"]
[SourceTitle "Corr 2020"]
[Source "ChessBase"]
[SourceDate "2019.09.30"]
[SourceVersion "1"]
[SourceVersionDate "2019.09.30"]
[SourceQuality "1"]

1. d4 d5 2. c4 e6 3. Nf3 c5 4. cxd5 exd5 5. g3 Nc6 6. Bg2 Nf6 7. 0-0 Be7 8. Nc3 Bf5 9. Bg5 h6 10. Bxf6 Bxf6 11. dxc5 Bxc3 12. bxc3 Be4 13. Nd4 Bxg2 14. Kxg2 Qa5 15. Qb3 Qxc5 16. Qxb7 0-0 17. Qxc6 Qa5 18. Nb3 Qd8 19. Rfd1 Rc8 20. Qxd5 Qf6 21. Rac1 Rfd8 22. Qb7 Rxd1 23. Rxd1 Rxc3 24. Qa8+ Kh7 25. Rd7 Qe6 26. Qb7 Kg8 27. Rd8+ Kh7 28. Nd4 Qxa2 29. Qe4+ g6 30. Qe5 g5 31. Qf6 1-0